Statistiques concernant Tous les personnages de la Reine des Neiges

Cliquez ici pour prendre le quiz!

Statistiques générales

  • Ce quiz a été pris 98 fois
  • Le résultat moyen est 7 sur 33

Statistiques - réponses

Réponse% Correct
Elsa
99%
Olaf
98%
Anna
97%
Sven
84%
Kristoff
73%
Hans
71%
Oaken
25%
Iduna
22%
Lieutenant Matthias
20%
Grand Pabbie
16%
Bruni
12%
Agnarr
11%
Bulda
11%
Duc Weselton
10%
Nokk
9%
Ryder
9%
Courant d'air
8%
Honeymaren
8%
Gerda
7%
Roi Runeard
7%
Yelana
7%
Cliff
4%
Sitron
4%
Bishop
3%
Eric
3%
Francis
3%
Géant de pierre
3%
Kay
3%
Chef Northuldra
2%
Kjekk
2%
Les Ambassadeurs
2%
Monstre de glace
1%
Olina
1%

Distribution des résultats

Percentile par nombre de réponses

% des personnes avec chaque résultat

Votre développement - résultats

Vous n’avez pas pris ce quiz